header

Precise geodetic infrastructure (Record no. 146690)

MARC details
000 -LEADER
fixed length control field 01658nam a2200313Ia 4500
245 10 - TITLE STATEMENT
Title Precise geodetic infrastructure
260 ## - PUBLICATION, DISTRIBUTION, ETC. (IMPRINT)
Place of publication Washington, D.C. :
Name of publisher National Academies Press,
Year of publication c2010.
300 ## - PHYSICAL DESCRIPTION
Number of Pages xiv, 142 p. :
Other physical details col. ill., maps.
650 #0 - SUBJECT ADDED ENTRY--TOPICAL TERM
Topical Term Geodesy
Topical Term Geophysics
856 40 - ELECTRONIC LOCATION AND ACCESS
Uniform Resource Identifier http://site.ebrary.com/lib/rucke/Doc?id=10433649

No items available.

© 2026 Rongo University
Contact us: librarian | system librarian | Rongo university